[Event "3rd PGMA Cup International Open"]
[Site "Manila PHI"]
[Date "2008.09.08"]
[EventDate "2008.09.07"]
[Round "3"]
[Result "1/2-1/2"]
[White "Kaiqi Yang"]
[Black "Wesley So"]
[WhiteElo "2366"]
[BlackElo "2577"]
[PlyCount "76"]

1. e4 c5 2. Nf3 Nc6 3. Nc3 g6 4. d4 cxd4 5. Nxd4 Bg7 6. Be3
Nf6 7. Bc4 O-O 8. Bb3 a5 9. a4 Ng4 10. Nxc6 Nxe3 11. Nxd8 Nxd1
12. Rxd1 Bxc3+ 13. bxc3 Rxd8 14. e5 Ra6 15. Rd4 d6 16. Kd2 Bd7
17. Re1 e6 18. exd6 Be8 19. Re5 Raxd6 20. Rxa5 Rxd4+ 21. cxd4
Rxd4+ 22. Ke3 Rd8 23. Rc5 Bc6 24. g4 Kf8 25. a5 Ke7 26. a6 Kd6
27. Ra5 b6 28. Ra1 Kc7 29. g5 h6 30. h4 hxg5 31. hxg5 Rh8
32. f4 Kd6 33. a7 Kc5 34. Ba4 b5 35. Bb3 Ba8 36. Rd1 Rh3+
37. Ke2 Rh2+ 38. Ke3 Rh3+ 1/2-1/2

[Event "3rd PGMA Cup International Open"]
[Site "Manila PHI"]
[Date "2008.09.09"]
[EventDate "2008.09.07"]
[Round "4"]
[Result "1-0"]
[White "Wesley So"]
[Black "Van Huy Nguyen"]
[WhiteElo "2577"]
[BlackElo "2386"]
[PlyCount "47"]

1. e4 c5 2. Nf3 Nc6 3. d4 cxd4 4. Nxd4 g6 5. c4 Nf6 6. Nc3
Nxd4 7. Qxd4 d6 8. Bg5 Bg7 9. Qd2 O-O 10. Be2 a5 11. Rd1 Be6
12. b3 Qb6 13. O-O Qb4 14. f4 Rfe8 15. Bf3 Bg4 16. Bxf6 Bxf3
17. Bxg7 Bxd1 18. Bd4 e5 19. Be3 exf4 20. Bd4 g5 21. Qxd1 Re5
22. Nd5 Rxd5 23. exd5 a4 24. Qh5 1-0

[Event "3rd PGMA Cup International Open"]
[Site "Manila PHI"]
[Date "2008.09.09"]
[EventDate "2008.09.07"]
[Round "5"]
[Result "1/2-1/2"]
[White "Wan Yunguo"]
[Black "Wesley So"]
[WhiteElo "2471"]
[BlackElo "2577"]
[PlyCount "49"]

1. e4 c5 2. Nf3 Nc6 3. d4 cxd4 4. Nxd4 g6 5. c4 Nf6 6. Nc3 d6
7. Be2 Nxd4 8. Qxd4 Bg7 9. Be3 Be6 10. Rc1 O-O 11. Qd2 a6
12. f3 Rc8 13. b3 b5 14. cxb5 axb5 15. Nxb5 Rxc1+ 16. Qxc1
Qa5+ 17. Qd2 Ra8 18. Qxa5 Rxa5 19. Nc3 Nd7 20. Na4 Nc5
21. Nxc5 dxc5 22. Kf2 Bd4 23. Bxd4 cxd4 24. Rd1 Rxa2 25. Rxd4
1/2-1/2

[Event "3rd PGMA Cup International Open"]
[Site "Manila PHI"]
[Date "2008.09.10"]
[EventDate "2008.09.07"]
[Round "6"]
[Result "0-1"]
[White "Richard Bitoon"]
[Black "Wesley So"]
[WhiteElo "2439"]
[BlackElo "2577"]
[PlyCount "118"]

1. b4 e5 2. Bb2 Bxb4 3. Bxe5 Nf6 4. c4 O-O 5. Nf3 d5 6. e3 Re8
7. a3 Ba5 8. Be2 c5 9. cxd5 Nxd5 10. O-O Nc6 11. Bg3 Be6
12. Bh4 f6 13. Qc2 Rc8 14. Bd3 h6 15. Nc3 Kh8 16. Bg6 Re7
17. Bg3 Bc7 18. Rfc1 Bxg3 19. hxg3 Nxc3 20. Qxc3 b6 21. Bb1
Rd7 22. Qc2 Bg8 23. Qg6 Rd6 24. Qg4 Rc7 25. Bf5 Ne5 26. Nxe5
fxe5 27. d3 Qf6 28. Be4 Be6 29. Qh5 Bf7 30. Qg4 Rcd7 31. Rc3
Be6 32. Qg6 Qxg6 33. Bxg6 Bg4 34. Be4 Be2 35. Bf5 Rd8 36. a4
g6 37. Be4 Bxd3 38. Bxd3 Rxd3 39. Rcc1 a5 40. Rab1 R8d6
41. Kh2 Rf6 42. Rb2 g5 43. g4 Kg7 44. Rc4 Rfd6 45. Kg3 Rd2
46. Rcc2 Rxc2 47. Rxc2 e4 48. Rc4 Re6 49. Rc3 Kf6 50. f4 gxf4+
51. Kxf4 Ke7 52. g5 hxg5+ 53. Kxg5 Kd6 54. Kf5 Re5+ 55. Kf6
Rd5 56. Rc2 Rd3 57. Re2 c4 58. g4 c3 59. g5 Rd2 0-1

[Event "3rd PGMA Cup International Open"]
[Site "Manila PHI"]
[Date "2008.09.11"]
[EventDate "2008.09.07"]
[Round "8"]
[Result "0-1"]
[White "Wesley So"]
[Black "Julio Catalino Sadorra"]
[WhiteElo "2577"]
[BlackElo "2470"]
[PlyCount "54"]

1. e4 c5 2. Nf3 e6 3. b3 b6 4. Bb2 Bb7 5. e5 Ne7 6. Na3 Ng6
7. h4 h5 8. Nc4 Nc6 9. Bd3 Nf4 10. Be4 Nxg2+ 11. Kf1 Nf4
12. Ng5 f6 13. Nh3 fxe5 14. Nxe5 d5 15. Bf3 Bd6 16. Nxc6 Bxc6
17. Nxf4 Bxf4 18. Bxh5+ Kd7 19. Rg1 Qxh4 20. Rxg7+ Kd6 21. Bf3
Rag8 22. Rxg8 Rxg8 23. d4 Be3 24. dxc5+ Bxc5 25. Qe1 Qf4
26. Ke2 Bb5+ 27. c4 Bxc4+ 0-1

[Event "3rd PGMA Cup International Open"]
[Site "Manila PHI"]
[Date "2008.09.12"]
[EventDate "2008.09.07"]
[Round "9"]
[Result "1/2-1/2"]
[White "Barlo A Nadera"]
[Black "Wesley So"]
[WhiteElo "2401"]
[BlackElo "2577"]
[PlyCount "111"]

1. d4 Nf6 2. c4 e6 3. Nc3 Bb4 4. Qc2 O-O 5. a3 Bxc3+ 6. Qxc3
b6 7. Bg5 Bb7 8. e3 d6 9. f3 Nbd7 10. Ne2 Rc8 11. Qd3 h6
12. Bh4 c5 13. Nc3 Ba6 14. d5 Ne5 15. Qc2 Nxc4 16. Qa4 Nxe3
17. Bxa6 Nxg2+ 18. Kf2 Nxh4 19. Qxh4 exd5 20. Qh3 Rc7 21. Rhg1
h5 22. Qf5 g6 23. Nxd5 Nxd5 24. Qxd5 Kg7 25. Rad1 Qh4+ 26. Kg2
Rd8 27. Bc4 Re7 28. b3 Re6 29. Kh1 Qf4 30. Rde1 Rf6 31. Rgf1
Rf5 32. Qb7 d5 33. Bd3 Rg5 34. Qe7 Rd6 35. Qe3 Rf6 36. Qxf4
Rxf4 37. Re7 c4 38. bxc4 dxc4 39. Be4 Ra5 40. Ra1 b5 41. Rb7
Rf6 42. Kg2 Raa6 43. Ra2 Rfb6 44. Rc7 b4 45. Rxc4 b3 46. Rb2
Rxa3 47. Rc7 a5 48. Bd5 Ra2 49. Rxf7+ Kh6 50. Rxa2 bxa2
51. Bxa2 Rb2+ 52. Kg3 Rxa2 53. h4 a4 54. Ra7 a3 55. Kh3 Ra1
56. Kg2 1/2-1/2

[Event "Battle of Grandmasters"]
[Site "Dapitan City PHI"]
[Date "2009.03.24"]
[EventDate "2009.03.24"]
[Round "1.4"]
[Result "0-1"]
[White "Buenaventura Bong Villamayor"]
[Black "Wesley So"]
[WhiteElo "2471"]
[BlackElo "2627"]
[PlyCount "48"]

1. d4 d5 2. Nf3 Nf6 3. Bf4 c5 4. c3 Nc6 5. e3 Nh5 6. Bg5 h6
7. Bh4 g5 8. Ne5 Nxe5 9. dxe5 Ng7 10. Bg3 Nf5 11. Bb5+ Bd7
12. Qa4 Bg7 13. e4 dxe4 14. Bxd7+ Qxd7 15. Qxe4 O-O-O 16. O-O
Qd3 17. Qa4 h5 18. Qxa7 h4 19. Na3 Qa6 20. Qxc5+ Qc6 21. Qa5
Rd5 22. Qa7 hxg3 23. c4 Rxh2 24. Qa8+ Kc7 0-1

[Event "Battle of Grandmasters"]
[Site "Dapitan City PHI"]
[Date "2009.03.26"]
[EventDate "2009.03.24"]
[Round "4.2"]
[Result "1-0"]
[White "Wesley So"]
[Black "Rolando Nolte"]
[WhiteElo "2627"]
[BlackElo "2488"]
[PlyCount "53"]

1. e4 c5 2. Nf3 d6 3. d4 cxd4 4. Nxd4 Nf6 5. Nc3 Nc6 6. Be2 e5
7. Nb3 Be7 8. f4 O-O 9. O-O a5 10. a4 Nb4 11. Kh1 Bd7 12. Be3
Bc6 13. Bf3 exf4 14. Bxf4 d5 15. e5 Ne4 16. Nd4 Ng5 17. Bg4
Bc5 18. Be3 Bxd4 19. Bxd4 Ne6 20. Ne2 Bd7 21. Bc3 Qg5 22. Bf5
Rad8 23. Ng3 d4 24. Ne4 Qh4 25. Be1 Qe7 26. Qh5 g6 27. Qh6 1-0

[Event "Battle of Grandmasters"]
[Site "Dapitan City PHI"]
[Date "2009.03.30"]
[EventDate "2009.03.24"]
[Round "6.1"]
[Result "1/2-1/2"]
[White "Rogelio Antonio Jr"]
[Black "Wesley So"]
[WhiteElo "2519"]
[BlackElo "2627"]
[PlyCount "62"]

1. e4 c5 2. Nf3 Nc6 3. Bb5 Nf6 4. e5 Nd5 5. O-O Nc7 6. Bxc6
dxc6 7. Re1 g6 8. Nc3 Bg7 9. Ne4 b6 10. Nf6+ Kf8 11. Ne4 Bg4
12. d3 Ne6 13. Ned2 Qd5 14. h3 Bxf3 15. Nxf3 Rd8 16. Qe2 h6
17. Be3 Kg8 18. c4 Qxd3 19. Qxd3 Rxd3 20. Rad1 Rxd1 21. Rxd1
f5 22. exf6 Bxf6 23. Rd7 Kf7 24. Rxa7 Bxb2 25. Rb7 Ra8
26. Rxb6 Rxa2 27. Rxc6 Ra1+ 28. Kh2 Ra4 29. Bxc5 Rxc4 30. Rb6
Bf6 31. Be3 g5 1/2-1/2

[Event "Battle of Grandmasters"]
[Site "Dapitan City PHI"]
[Date "2009.03.28"]
[EventDate "2009.03.24"]
[Round "7.6"]
[Result "1-0"]
[White "Wesley So"]
[Black "Ronald Dableo"]
[WhiteElo "2627"]
[BlackElo "2432"]
[PlyCount "53"]

1. e4 e6 2. d4 d5 3. Nc3 Nf6 4. e5 Ng8 5. Bd3 b6 6. Nf3 Ba6
7. O-O Qd7 8. Ne2 c5 9. c4 Ne7 10. dxc5 dxc4 11. Be4 Qxd1
12. Rxd1 Nbc6 13. cxb6 axb6 14. Be3 Nd5 15. Nc3 Ncb4 16. a3
Nxe3 17. axb4 Nxd1 18. Bc6+ Ke7 19. Bxa8 Nxc3 20. bxc3 Bb5
21. Nd4 Bd7 22. Ra7 Kd8 23. Bc6 Bxc6 24. Nxc6+ Kc8 25. Rxf7 g5
26. Ra7 b5 27. Nd4 1-0

[Event "Battle of Grandmasters"]
[Site "Dapitan City PHI"]
[Date "2009.03.29"]
[EventDate "2009.03.24"]
[Round "9.5"]
[Result "1/2-1/2"]
[White "Wesley So"]
[Black "Julio Catalino Sadorra"]
[WhiteElo "2627"]
[BlackElo "2445"]
[PlyCount "72"]

1. e4 e6 2. d4 d5 3. Nd2 Nf6 4. e5 Nfd7 5. c3 c5 6. Bd3 Nc6
7. Ne2 cxd4 8. cxd4 f6 9. exf6 Nxf6 10. Nf3 Bd6 11. O-O O-O
12. Bf4 Bxf4 13. Nxf4 Qb6 14. Qd2 Kh8 15. Ng5 Nxd4 16. Qe3 e5
17. Qxe5 Ng4 18. Qe7 Bf5 19. Rae1 Bxd3 20. Nxd3 Qg6 21. Ne6
Nxe6 22. Qxe6 Qxd3 23. Qxg4 Qc4 24. Qxc4 dxc4 25. Re7 b5
26. Rd1 Rfd8 27. Rdd7 b4 28. Rxg7 c3 29. Rxh7+ Kg8 30. Rhg7+
Kh8 31. bxc3 bxc3 32. Rh7+ Kg8 33. Kf1 c2 34. Rdg7+ Kf8
35. Rc7 Kg8 36. Rhg7+ Kh8 1/2-1/2

[Event "Battle of Grandmasters"]
[Site "Dapitan City PHI"]
[Date "2009.03.30"]
[EventDate "2009.03.24"]
[Round "10.3"]
[Result "1/2-1/2"]
[White "Richard Bitoon"]
[Black "Wesley So"]
[WhiteElo "2473"]
[BlackElo "2627"]
[PlyCount "60"]

1. e4 c5 2. Nf3 Nc6 3. d4 cxd4 4. Nxd4 Nf6 5. Nc3 e5 6. Ndb5
d6 7. Bg5 a6 8. Na3 b5 9. Bxf6 gxf6 10. Nd5 f5 11. c3 Bg7
12. exf5 Bxf5 13. Nc2 O-O 14. Nce3 Be6 15. g3 f5 16. Qh5 b4
17. Bg2 bxc3 18. bxc3 Kh8 19. O-O Rc8 20. Rad1 Ne7 21. Nxe7
Qxe7 22. Qe2 e4 23. Qxa6 Be5 24. Qe2 Rxc3 25. Nd5 Bxd5
26. Rxd5 Qc7 27. Rfd1 Qc4 28. Qxc4 Rxc4 29. f4 exf3 30. Bxf3
Rb8 1/2-1/2

[Event "Battle of Grandmasters"]
[Site "Dapitan City PHI"]
[Date "2009.03.31"]
[EventDate "2009.03.24"]
[Round "11.4"]
[Result "1-0"]
[White "Wesley So"]
[Black "Darwin Laylo"]
[WhiteElo "2627"]
[BlackElo "2504"]
[PlyCount "101"]

1. e4 d5 2. exd5 Nf6 3. d4 Qxd5 4. Nf3 Bg4 5. Be2 c6 6. c4
Qa5+ 7. Nc3 Nbd7 8. O-O e6 9. h3 Bh5 10. Bf4 Be7 11. Ne5 Bxe2
12. Qxe2 Rd8 13. a3 O-O 14. b4 Qa6 15. b5 cxb5 16. Nxb5 Nxe5
17. Bxe5 Rc8 18. a4 Qa5 19. Rfb1 Rfe8 20. Bxf6 Bxf6 21. Nd6
Qa6 22. Nxe8 Bxd4 23. Ra2 Rxe8 24. c5 Bxc5 25. Qxa6 bxa6
26. a5 h5 27. Rc2 Bd4 28. Rb7 e5 29. Rcc7 Rf8 30. Kf1 h4
31. Ke2 g6 32. f3 Kg7 33. Rc6 Rd8 34. Rcc7 Rf8 35. Kd3 Bg1
36. Ke4 Kf6 37. Re7 Bf2 38. Rxe5 Rd8 39. Rd5 Re8+ 40. Kd3 Re3+
41. Kd2 Ra3 42. Ke2 Bg1 43. Rd6+ Ke5 44. Rxa6 Ra2+ 45. Kd3
Rxg2 46. Rxf7 g5 47. Raf6 Rg3 48. Rf5+ Ke6 49. Ke4 Kd6
50. R7f6+ Kd7 51. Kd5 1-0

[Event "8th Asian Continental Chess Championship"]
[Site "Subic Bay Free Port"]
[Date "2009.05.13"]
[EventDate "2009.05.13"]
[Round "1.2"]
[Result "0-1"]
[White "Bayarsaikhan Gundavaa"]
[Black "Wesley So"]
[WhiteElo "2461"]
[BlackElo "2641"]
[PlyCount "122"]

1. d4 d5 2. c4 c6 3. Nf3 Nf6 4. Qc2 dxc4 5. Qxc4 Bg4 6. Nbd2
Nbd7 7. g3 e6 8. Bg2 Be7 9. O-O O-O 10. Qb3 Nb6 11. e3 c5
12. dxc5 Bxc5 13. Ne5 Be2 14. Re1 Ba6 15. Ndf3 Rc8 16. Bd2 Qe7
17. a4 Ne4 18. Ba5 Bd6 19. Bxb6 axb6 20. Rec1 Nc5 21. Qa2 f6
22. b4 Bxe5 23. Nxe5 fxe5 24. b5 Bxb5 25. axb5 Rcd8 26. Rd1
Qf6 27. Qe2 e4 28. Rxd8 Rxd8 29. Rd1 Rd3 30. Rf1 h6 31. Bxe4
Rb3 32. Bg2 Rb2 33. Qc4 Kh8 34. h4 Qf5 35. Qd4 Qf6 36. Qc4 Qf5
37. Qd4 Rxb5 38. Ra1 Kh7 39. g4 Qc2 40. h5 Rb1+ 41. Rxb1 Qxb1+
42. Kh2 Qc2 43. Kg3 b5 44. f4 Qc4 45. Qe5 Nd7 46. Qd6 Nf6
47. Bf3 Ne4+ 48. Bxe4+ Qxe4 49. Qc5 b4 50. Qb6 Qc4 51. f5 exf5
52. Qg6+ Kh8 53. Qxf5 b3 54. Qf8+ Qg8 55. Qb4 Qd5 56. Qf8+ Kh7
57. Qe8 Qd6+ 58. Kh3 Qc6 59. Qe5 Qf3+ 60. Kh2 Qxg4 61. Qb5
Qh4+ 0-1

[Event "8th Asian Continental Chess Championship"]
[Site "Subic Bay Free Port"]
[Date "2009.05.14"]
[EventDate "2009.05.13"]
[Round "2.2"]
[Result "0-1"]
[White "Wesley So"]
[Black "Yu Shaoteng"]
[WhiteElo "2641"]
[BlackElo "2504"]
[PlyCount "86"]

1. e4 c6 2. d4 d5 3. Nc3 dxe4 4. Nxe4 Bf5 5. Ng3 Bg6 6. h4 h6
7. Nf3 Nd7 8. h5 Bh7 9. Bd3 Bxd3 10. Qxd3 e6 11. Bd2 Ngf6
12. O-O-O Be7 13. Qe2 c5 14. Rhe1 O-O 15. Nf5 cxd4 16. N3xd4
Bc5 17. Nxe6 fxe6 18. Qxe6+ Rf7 19. Bxh6 Qb6 20. Bxg7 Qxe6
21. Rxe6 Rxg7 22. Nxg7 Kxg7 23. g4 Kf7 24. Re2 Re8 25. Rxe8
Kxe8 26. Re1+ Kf7 27. f3 Nd5 28. Kd2 N7f6 29. a3 Bf2 30. Re2
Bg3 31. c4 Nf4 32. Re3 Ne6 33. Kc3 Nd7 34. b4 Ne5 35. h6 Kg6
36. g5 Nxg5 37. c5 Kxh6 38. b5 Kg6 39. a4 Kf6 40. a5 Ne6
41. Re2 Nxc5 42. a6 bxa6 43. bxa6 Nc6 0-1

[Event "8th Asian Continental Chess Championship"]
[Site "Subic Bay Free Port"]
[Date "2009.05.15"]
[EventDate "2009.05.13"]
[Round "3.11"]
[Result "0-1"]
[White "Xiu Deshun"]
[Black "Wesley So"]
[WhiteElo "2422"]
[BlackElo "2641"]
[PlyCount "54"]

1. d4 Nf6 2. c4 e6 3. Nf3 b6 4. g3 Ba6 5. Qc2 Bb4+ 6. Nbd2 c5
7. e4 cxd4 8. e5 Bb7 9. Bg2 Ng4 10. O-O Qc7 11. Ne4 Nc6
12. Bf4 Ngxe5 13. c5 d3 14. Qa4 bxc5 15. a3 Nxf3+ 16. Bxf3 e5
17. axb4 Nd4 18. Nd6+ Qxd6 19. Bxb7 Rb8 20. bxc5 Qxc5 21. Rfe1
Ne2+ 22. Rxe2 dxe2 23. Be3 Qc7 24. Bf3 Rxb2 25. Qg4 Qc3
26. Kg2 e1=Q 27. Qxg7 Qexe3 0-1

[Event "8th Asian Continental Chess Championship"]
[Site "Subic Bay Free Port"]
[Date "2009.05.16"]
[EventDate "2009.05.13"]
[Round "4.7"]
[Result "1/2-1/2"]
[White "Wesley So"]
[Black "Saidali Iuldachev"]
[WhiteElo "2641"]
[BlackElo "2497"]
[PlyCount "90"]

1. e4 e5 2. Nf3 Nc6 3. Bb5 Nf6 4. O-O Nxe4 5. d4 Nd6 6. Bxc6
dxc6 7. dxe5 Nf5 8. Qxd8+ Kxd8 9. Nc3 Ne7 10. Nd4 Nf5 11. Nde2
Ke8 12. Rd1 a5 13. b3 Bb4 14. Bb2 Bxc3 15. Nxc3 Be6 16. Ne4 b6
17. Rd3 Rd8 18. Rad1 Rxd3 19. Rxd3 c5 20. h3 Ne7 21. g4 h5
22. Ng5 hxg4 23. Nxe6 fxe6 24. hxg4 Ng6 25. f3 Rh3 26. Bc1 Nh4
27. Kf2 Rh2+ 28. Kg3 Rxc2 29. Kxh4 Rxc1 30. Kg5 c4 31. bxc4
Rxc4 32. Kg6 b5 33. Kxg7 Ke7 34. g5 b4 35. Rd2 a4 36. g6 b3
37. axb3 axb3 38. Rb2 Rc3 39. Kh7 Rxf3 40. Rh2 Rg3 41. g7 b2
42. Rxb2 Rh3+ 43. Kg8 Rh1 44. Rf2 Rh3 45. Rc2 Rh1 1/2-1/2

[Event "8th Asian Continental Chess Championship"]
[Site "Subic Bay Free Port"]
[Date "2009.05.18"]
[EventDate "2009.05.13"]
[Round "6.9"]
[Result "1-0"]
[White "Wesley So"]
[Black "Gao Rui"]
[WhiteElo "2641"]
[BlackElo "2500"]
[PlyCount "63"]

1. e4 c5 2. Nf3 d6 3. d4 cxd4 4. Nxd4 Nf6 5. Nc3 a6 6. h3 e6
7. g4 d5 8. exd5 Nxd5 9. Bd2 Nc6 10. Nxc6 bxc6 11. Ne4 Be7
12. c4 Nf6 13. Bg2 O-O 14. Bc3 Nxe4 15. Qxd8 Rxd8 16. Bxe4 Bd7
17. O-O-O Be8 18. Kc2 f6 19. f4 g6 20. h4 Rxd1 21. Rxd1 f5
22. Bf3 Bxh4 23. g5 Rc8 24. c5 h6 25. gxh6 Be7 26. Be2 Ra8
27. h7+ Kxh7 28. Rh1+ Kg8 29. Bc4 Bd8 30. Bxe6+ Kf8 31. Rh7 g5
32. Be5 1-0

[Event "8th Asian Continental Chess Championship"]
[Site "Subic Bay Free Port"]
[Date "2009.05.21"]
[EventDate "2009.05.13"]
[Round "9.6"]
[Result "1-0"]
[White "Wesley So"]
[Black "Elshan Moradiabadi"]
[WhiteElo "2641"]
[BlackElo "2526"]
[PlyCount "65"]

1. e4 e5 2. Nf3 Nc6 3. Bb5 Nf6 4. d3 d6 5. O-O g6 6. d4 Bd7
7. d5 Ne7 8. Bxd7+ Nxd7 9. Be3 Bg7 10. c4 O-O 11. Nc3 h6
12. Nd2 f5 13. f3 f4 14. Bf2 g5 15. b4 Rf6 16. c5 Rg6 17. Rc1
a6 18. Kh1 h5 19. Nc4 g4 20. Bg1 Nf6 21. b5 axb5 22. Nxb5 Nc8
23. Qc2 g3 24. cxd6 cxd6 25. h3 Nh7 26. Nd2 Qh4 27. Qc7 Ng5
28. Qd8+ Kh7 29. Rxc8 Rxa2 30. Rd1 Rf6 31. Qg8+ Kh6 32. Rc7
Rg6 33. Nxd6 1-0

[Event "Torch Real Estate Cup China Chess League"]
[Site "Chengdu CHN"]
[Date "2009.05.05"]
[EventDate "?"]
[Round "2"]
[Result "1/2-1/2"]
[White "Zhao Jun"]
[Black "Wesley So"]
[WhiteElo "2560"]
[BlackElo "2641"]
[PlyCount "67"]

1. d4 d5 2. c4 c6 3. Nf3 Nf6 4. Nc3 a6 5. a4 e6 6. Bg5 Nbd7
7. e3 Qa5 8. Nd2 Bb4 9. Qc2 c5 10. Nb3 Qc7 11. Bxf6 Nxf6
12. dxc5 dxc4 13. Bxc4 Bxc5 14. Nxc5 Qxc5 15. Be2 Bd7 16. Bf3
Bc6 17. Bxc6+ Qxc6 18. O-O O-O 19. Rfd1 Rfd8 20. h3 h6 21. Qb3
Rac8 22. a5 Ne4 23. Rxd8+ Rxd8 24. Nxe4 Qxe4 25. Qa4 Qe5
26. b4 Qb2 27. Ra2 Qc1+ 28. Kh2 Qf1 29. Rc2 Kh7 30. Qa2 Rd7
31. Rd2 Rc7 32. Rc2 Rd7 33. Rd2 Rc7 34. Rc2 1/2-1/2

[Event "Torch Real Estate Cup China Chess League"]
[Site "Chengdu CHN"]
[Date "2009.06.26"]
[EventDate "?"]
[Round "5"]
[Result "1-0"]
[White "Wesley So"]
[Black "Wang Chen"]
[WhiteElo "2641"]
[BlackElo "2400"]
[PlyCount "73"]

1. e4 c5 2. Nf3 e6 3. d4 cxd4 4. Nxd4 Nc6 5. Nc3 Qc7 6. Be3 a6
7. Qd2 Nf6 8. O-O-O Bb4 9. f3 Ne5 10. Nb3 b5 11. Qe1 Be7
12. f4 Nc4 13. e5 Nxe3 14. Qxe3 Ng8 15. Bd3 Bb7 16. Be4 Rc8
17. Bxb7 Qxb7 18. g4 Qc6 19. Kb1 h5 20. Nd4 Qc4 21. Qh3 d6
22. exd6 Bxd6 23. Nxe6 fxe6 24. Rxd6 b4 25. Re1 bxc3
26. Rdxe6+ Kf7 27. g5 g6 28. b3 Qd5 29. R6e5 Qc6 30. f5 Rd8
31. fxg6+ Kg7 32. Qf5 Rf8 33. Qd3 Qxg6 34. Qxc3 Kh7 35. Qc5
Rf4 36. Re6 Qg7 37. h4 1-0

[Event "Torch Real Estate Cup China Chess League"]
[Site "Chengdu CHN"]
[Date "2009.07.06"]
[EventDate "?"]
[Round "6"]
[Result "1/2-1/2"]
[White "Wesley So"]
[Black "Xiu Deshun"]
[WhiteElo "2641"]
[BlackElo "2422"]
[PlyCount "83"]

1. e4 c5 2. Nf3 d6 3. d4 cxd4 4. Nxd4 Nf6 5. Nc3 a6 6. Be3 e6
7. Be2 Qc7 8. f4 b5 9. Bf3 Bb7 10. a3 Nbd7 11. O-O Nc5 12. e5
dxe5 13. fxe5 Nfe4 14. Nxe4 Nxe4 15. Bf4 Bc5 16. Qd3 O-O-O
17. c3 f5 18. exf6 Qxf4 19. fxg7 Rhg8 20. Rae1 Qd2 21. Bxe4
Qxd3 22. Bxd3 Rxg7 23. Be4 Bxd4+ 24. cxd4 Rxd4 25. Rc1+ Kb8
26. Bxb7 Kxb7 27. Rfd1 Rxd1+ 28. Rxd1 Kc7 29. Kf2 Rg4 30. Rd3
h5 31. b4 Rc4 32. h3 h4 33. g3 hxg3+ 34. Kxg3 e5 35. h4 e4
36. Rd5 e3 37. Re5 Rc3 38. Kf4 Rxa3 39. Rxe3 Ra4 40. Re4 a5
41. bxa5 Rxa5 42. h5 1/2-1/2

[Event "Spice Cup"]
[Site "Lubbock"]
[Date "2009.09.20"]
[EventDate "?"]
[Round "2"]
[Result "1-0"]
[White "Jon Ludvig Hammer"]
[Black "Wesley So"]
[WhiteElo "2585"]
[BlackElo "2644"]
[PlyCount "85"]

1.d4 d5 2.c4 c6 3.Nf3 Nf6 4.Nc3 dxc4 5.a4 Bf5 6.Ne5 Nbd7
7.Nxc4 Nb6 8.Ne3 e6 9.a5 Nbd5 10.Nxf5 exf5 11.a6 b6 12.g3 Bb4
13.Bd2 O-O 14.Bg2 Qe7 15.O-O Rac8 16.Nxd5 Nxd5 17.e3 Rfd8
18.Bxb4 Nxb4 19.Qb3 c5 20.dxc5 Qxc5 21.Rfd1 g6 22.Bb7 Rxd1
23.Qxd1 Rc7 24.Qd8 Kg7 25.Rd1 h5 26.Rd6 Qc1 27.Rd1 Qc4 28.Rd6
Qc1 29.Kg2 Nc2 30.Qf6 Kh7 31.Rd8 Nxe3 32.fxe3 Rc2 33.Kh3 Qf1
34.Kh4 Qc4 35.Rd4 Rxh2 36.Kg5 Qc7 37.Qd6 f6 38.Kxf6 Qg7 39.Ke6
Qg8 40.Kd7 Rc2 41.Qe7 Kh6 42.Rd6 Rc5 43.Bc6 1-0

[Event "Spice Cup"]
[Site "Lubbock"]
[Date "2009.09.21"]
[EventDate "?"]
[Round "4"]
[Result "1/2-1/2"]
[White "Wesley So"]
[Black "Rauf Mamedov"]
[WhiteElo "2644"]
[BlackElo "2626"]
[PlyCount "94"]

1.d4 Nf6 2.c4 d6 3.Nc3 g6 4.e4 Bg7 5.f3 O-O 6.Be3 c5 7.Nge2
cxd4 8.Nxd4 Nc6 9.Qd2 Nxd4 10.Bxd4 Be6 11.Rc1 Rc8 12.b3 a6
13.Be2 Qa5 14.O-O b5 15.cxb5 axb5 16.Qb2 b4 17.Na4 Nh5 18.Bxg7
Nxg7 19.Qd4 Nh5 20.Qe3 Nf6 21.Qb6 Qe5 22.Qxb4 Qf4 23.Rxc8 Rxc8
24.Bd1 Rc1 25.Qd4 Nd5 26.Re1 Nf6 27.g3 Qg5 28.Kf2 Qa5 29.Re3
Bd7 30.Nc3 Qa3 31.Qd2 Ra1 32.Re2 Rc1 33.Re3 Ra1 34.Re1 Rc1
35.Bc2 Qc5 36.Re3 Ra1 37.Bb1 Bh3 38.Qb2 d5 39.exd5 Qd4 40.Qxa1
Nxd5 41.Ke1 Nxe3 42.Qb2 Ng2 43.Ke2 Qe3 44.Kd1 Qg1 45.Kd2 Qe3
46.Kd1 Qg1 47.Kd2 Qe3 1/2-1/2

[Event "Spice Cup"]
[Site "Lubbock"]
[Date "2009.09.25"]
[EventDate "?"]
[Round "7"]
[Result "1/2-1/2"]
[White "Yuri Kuzubov"]
[Black "Wesley So"]
[WhiteElo "2636"]
[BlackElo "2644"]
[PlyCount "33"]

1.d4 d5 2.c4 c6 3.Nf3 Nf6 4.e3 Bf5 5.Nc3 e6 6.Nh4 Be4 7.f3 Bg6
8.Qb3 Qb6 9.Nxg6 hxg6 10.Bd2 Nbd7 11.O-O-O Qxb3 12.axb3 Bd6
13.h3 Nh5 14.Bd3 Ng3 15.Rhe1 Nf5 16.Kb1 O-O-O 17.Bc1 1/2-1/2

[Event "Spice Cup (Rapid Tiebreak)"]
[Site "Lubbock"]
[Date "2009.09.28"]
[EventDate "?"]
[Round "9A"]
[Result "1/2-1/2"]
[White "Rauf Mamedov"]
[Black "Wesley So"]
[WhiteElo "2626"]
[BlackElo "2644"]
[PlyCount "33"]

1.e4 c5 2.c3 Nf6 3.e5 Nd5 4.d4 cxd4 5.Nf3 d6 6.cxd4 Nc6 7.Bc4
Nb6 8.Bb5 dxe5 9.Nxe5 Bd7 10.Nxd7 Qxd7 11.O-O e6 12.Nc3 Rd8
13.Bg5 Be7 14.Bxe7 Qxe7 15.Bxc6 bxc6 16.Qf3 O-O 17.Qxc6
1/2-1/2

[Event "9th Asian Continental"]
[Site "Olongapo City PHI"]
[Date "2010.04.21"]
[EventDate "2010.04.21"]
[Round "1"]
[Result "1-0"]
[White "Wesley So"]
[Black "Thanh Son Nguyen"]
[WhiteElo "2665"]
[BlackElo "2440"]
[PlyCount "31"]

1. d4 d5 2. c4 c6 3. Nf3 Nf6 4. e3 g6 5. Be2 Bg7 6. O-O O-O
7. Nc3 Nbd7 8. b3 c5 9. Nxd5 Nxd5 10. cxd5 cxd4 11. Nxd4 Nf6
12. Ba3 Nxd5 13. Qd2 Nf4 14. exf4 Qxd4 15. Qxd4 Bxd4 16. Rac1
1-0

[Event "9th Asian Continental"]
[Site "Olongapo City PHI"]
[Date "2010.04.22"]
[EventDate "2010.04.21"]
[Round "2"]
[Result "0-1"]
[White "A R Saleh Salem"]
[Black "Wesley So"]
[WhiteElo "2483"]
[BlackElo "2665"]
[PlyCount "74"]

1. d4 Nf6 2. c4 g6 3. f3 d5 4. cxd5 Nxd5 5. e4 Nb6 6. Nc3 Bg7
7. Be3 O-O 8. Qd2 Nc6 9. O-O-O f5 10. e5 Nb4 11. Nh3 Be6
12. Kb1 Qd7 13. Nf4 Bf7 14. h4 Rfd8 15. Bb5 c6 16. Be2 c5
17. e6 Bxe6 18. dxc5 Bxc3 19. bxc3 Qa4 20. Qxd8+ Rxd8
21. Rxd8+ Kf7 22. Rf8+ Kxf8 23. Nxe6+ Kg8 24. cxb4 Qxb4+
25. Kc2 Nd5 26. Bd2 Qa4+ 27. Kb2 Nb4 28. Bxb4 Qxb4+ 29. Kc2
Kf7 30. Ng5+ Kg7 31. Kd3 Qa3+ 32. Kd4 Qxa2 33. Bc4 Qd2+
34. Ke5 Qc3+ 35. Kd5 h6 36. Ne6+ Kf6 37. Nd4 e6+ 0-1

[Event "9th Asian Continental"]
[Site "Olongapo City PHI"]
[Date "2010.04.23"]
[EventDate "2010.04.21"]
[Round "3"]
[Result "1-0"]
[White "Wesley So"]
[Black "Oliver Barbosa"]
[WhiteElo "2665"]
[BlackElo "2452"]
[PlyCount "111"]

1. d4 d5 2. c4 c6 3. Nf3 Nf6 4. Nc3 Qb6 5. e3 Bg4 6. h3 Bxf3
7. Qxf3 e6 8. g4 h6 9. Bd2 Bb4 10. Bd3 Nbd7 11. h4 e5 12. c5
Qd8 13. Bc2 Qe7 14. O-O-O O-O-O 15. a3 Bxc3 16. Bxc3 e4
17. Qf4 g5 18. Qg3 h5 19. Ba5 b6 20. cxb6 axb6 21. Bb4 Qe6
22. hxg5 Nxg4 23. Rde1 Qf5 24. Rhf1 Qf3 25. Bd1 Qxg3 26. fxg3
Rh7 27. Rf5 Rg8 28. Kd2 Rhg7 29. Be7 Re8 30. Bd6 Re6 31. Bf4
f6 32. Rh1 fxg5 33. Rxg5 Rxg5 34. Bxg5 Nf2 35. Rxh5 Nxd1
36. Kxd1 Rg6 37. Bf4 Rg7 38. a4 Kb7 39. Rh6 Nf8 40. b4 Ng6
41. Bd6 Kc8 42. b5 cxb5 43. axb5 Kd7 44. Bb4 Ke6 45. g4 Kf6
46. Rh5 Ne7 47. Re5 Nc8 48. Rxd5 Rxg4 49. Rd8 Rg1+ 50. Kc2
Rg2+ 51. Kb3 Na7 52. Rd7 Nxb5 53. Kc4 Re2 54. Kxb5 Rxe3
55. Re7 Re2 56. d5 1-0